| 000 | 01596nam0a2200349 4500 | ||
|---|---|---|---|
| 001 | rc\4647533 | ||
| 005 | 20260405080724.0 | ||
| 021 |
_aRU _b67-83464 |
||
| 021 |
_aRU _bРг10618-67 |
||
| 035 | _a(NLR Aleph) 008411100 | ||
| 090 |
_a9297039 _c9297039 |
||
| 100 | _a20130416d1967 k y0rusy50 ca | ||
| 101 | 0 |
_arus _aabk _drus |
|
| 102 | _aGE | ||
| 105 | _aa z |||y| | ||
| 200 | 1 |
_aСовременное абхазское село _eэтногр. очерки _dИахьатәи аҧсуа қыҭа _eаетнографиатә очерқәа _fАН Груз. ССР. Абхаз. ин-т языка, литературы и истории им. Д.И. Гулиа _g[ред. Л.Х. Акаба, Ш.Д. Инал-ипа] |
|
| 210 |
_aТбилиси _cМецниереба _d1967 |
||
| 215 |
_a228,[3] с. _cил. _d27 |
||
| 300 | _aТекст на рус. и абхаз. яз. | ||
| 300 | _aРез. на рус. яз. | ||
| 300 | _aПарал. загл. также на груз. яз. | ||
| 320 | _aБиблиогр. в подстроч. примеч. | ||
| 510 | 1 |
_aИахьатәи аҧсуа қыҭа _eаетнографиатә очерқәа _zrus |
|
| 606 | 1 |
_aАбхазы _xЭтнография _91078405 _3RU\NLR\AUTH\66102333 |
|
| 686 | 1 | _aТ52(247=Аб)-527.2 | |
| 702 | 1 |
_aАкаба _bЛ.Х. _f1921-2010 _gЛили Хуршитовна _4340 |
|
| 702 | 1 |
_4340 _8rus _7ca _aИнал-Ипа _bШ.Д. _f1914-1995 _gШалва Денисович _3RU\NLR\AUTH\7727844 _910875 |
|
| 801 | 0 |
_aRU _bNLR _gpsbo |
|
| 801 | 1 |
_aRU _bELAR _2rusmarc |
|
| 942 | _cBOOK | ||
| 980 | _aNB | ||